Jakub Deml : per il suo cinquantesimo genetliaco /

Hlavní autor: Babler, Otto František, 1901-1984
Jazyk: Italština
Vydáno: Roma : Anonima romana editoriale, 1928
Fyzický popis: s. 352-359
Knihy
Uloženo v:
LEADER 00687nam a2200181 a 4500
001 000624763
003 CZ BrMZK
005 20030217115919.0
008 020924s1928 it f ita d
040 |a BOA001  |b cze  |c BOA001 
100 1 |a Babler, Otto František,  |d 1901-1984  |7 jk01010495  |4 aut 
245 1 0 |a Jakub Deml :  |b per il suo cinquantesimo genetliaco /  |c Otto F. Babler 
260 |a Roma :  |b Anonima romana editoriale,  |c 1928 
300 |a s. 352-359 
500 |a Separát z: Rivista di letterature slave, a. 3, 1928, agosto-dicembre, fasc. 4-6 
910 |a BOA001  |b OB2-0114.954 
990 |a BK 
996 6 |b 2619505585  |c OB2-0114.954  |l MZK  |r Sklad / do 24 hodin  |n 5  |w 000624763  |u 000010  |a 1  |e BOA001  |j MZK50  |s P